Clic Ce sont des départements mais aussi... (11) - Statistiques

Statistiques générales
  • Ce quiz a été pris 15 fois
  • Le résultat moyen est 22 sur 50
Statistiques - réponses
Hint Explanation Réponse % Correct
La Provence est un journal VRAI
77%
La Martinique est un sous-marin français FAUX
69%
Guadeloupe est une ville de Guyane FAUX
69%
Les Yvelines sont un massif montagneux FAUX
69%
L'Yonne est un affluent de la Seine qui donne son nom au département VRAI
69%
Provence est une appellation de vin VRAI
69%
Vienne est une capitale européenne En Autriche VRAI
69%
Mayotte est une porte de Paris Maillot FAUX
62%
Vienne est un célèbre navigateur français FAUX
62%
Vaucluse est une bête maléfique FAUX
62%
Mayotte est le nom d'une héroîne de Lille Jeanne Maillotte FAUX
62%
Essonne est une marque de pétrolier Esso ou Exxon mais pas Essonne FAUX
62%
La Martinique est une île des Petites Antilles VRAI
62%
Provence est une station du métro de Lausanne VRAI
62%
Vaucluse est une espèce de tomates FAUX
54%
Var est le nom d'un dragon FAUX
54%
Yveline est un roman de Guy de Maupassant Yveline Samoris est le titre exact FAUX
54%
La Somme est une rivière de la Marne VRAI
54%
Le Var est un vin IGP VRAI
54%
Meurthe est une ville du Québec FAUX
46%
La Vienne est une préfecture française Sous-préfecture de l'Isère FAUX
46%
Vendée est une station du métro parisien C'est un square du XIIe FAUX
46%
Garonne est un prénom féminin FAUX
46%
Var est un quartier de Marseille De Budapest FAUX
46%
Tarn est une commune de Lozère Il existe Laval-du-Tarn en Lozère FAUX
46%
Yveline est un prénom féminin Avec ou sans S VRAI
46%
Les Guyanes est un plateau d'Amérique VRAI
46%
Maine est un écrivain français Il existe un écrivain britannique Charles Eric Maine FAUX
38%
Somme est un village de la Marne Il existe 5 communes appelées Somme dans la Marne mais jamais Somme seul FAUX
38%
Le Maine est une race de chien Le Maine coon est un chat FAUX
38%
Essonne est une commune de Seine-et-Marne Il existe Nanteau-sur-Essonne FAUX
38%
Vosges est un photographe français Voge Jean-Michel FAUX
38%
Alpes est une station de métro de Paris FAUX
38%
L'Essonne Valdez était un pétrolier américain Exxon Valdez FAUX
38%
Le Vaucluse est un vin VRAI
38%
Provence est une commune suisse VRAI
38%
Les Alpes sont un massif de la Lune VRAI
38%
La Maine est une rivière de Vendée VRAI
38%
Vendée est un album de Didier Barbelivien Vendée 93 précisément FAUX
31%
Calais est un prénom masculin Celui d'un évêque de Chartres au VIe siècle VRAI
31%
Une race bovine s'appelle Pyrénées Caprine ! FAUX
23%
La Corse est une race d'ovins VRAI
23%
Les Alpes sont un massif du Japon VRAI
23%
Réunion est un jeu video VRAI
23%
L'Yveline est une forêt qui a inspiré le nom du département, c'est la forêt actuelle de Rambouillet VRAI
23%
Le Corse est un fromage AOC FAUX
15%
Garonne est une série télévisée VRAI
15%
La Réunion est une une commune du Lot-et-Garonne VRAI
15%
Les Alpes sont un massif du Royaume-Uni VRAI
8%
Les Alpes sont un massif de la Sarthe Les Alpes mancelles VRAI
8%
Aucun quiz correspondant
Distribution des résultats
% des personnes avec chaque résultat
Percentile par nombre de réponses
Votre historique - résultats
Vous n’avez pas pris ce quiz